000 00544cam a2200205 4500
001 D9832
008 090401t1973 xxu||||| |||| 00| 0 eng d
035 _a(Sirsi) u22751
041 _aeng
050 _a692.2
100 _aWhyte, Walter S
245 4 _aThe building regulations explained and illustrated for residential buildings
250 _a4th metric
260 _aLondon
_bCrosby Lockwood Staples
_c1973
300 _ax. 272p. ill. 24cm
350 _a3.95
700 _aPowell-Smith, Vincent
942 _n0
948 _c04/03/1997
999 _c88243
_d88243